Top 20 Schauspieler - Statistiken

Allgemein
  • Dieses Quiz wurde 294 mal gespielt
  • Das Durchschnittsergebnis liegt bei 3 aus 20
Answers on the Grid
Answers color-coded by a green-red scale on the quiz's grid according to % correct below.
Robert de Niro
James Stewart
Clint Eastwood
Harrison Ford
Brad Pitt
Morgan Freeman
Al Pacino
Charles Chaplin
Leonardo di Caprio
Marlon Brando
Bruce Willis
Orlando Bloom
Jack Nicholson
Kevin Spacey
Christian Bale
Matt Damon
Ian McKellen
Tom Hanks
Russel Crowe
Natalie Portman
Jake Gyllenhaal
Heath Ledger
Jonah Hill
Carrie Fisher
Samuel L. Jackson
Uma Thurman
Tim Robbins
Edward Norton
Tim Allen
Robin Williams
Ben Affleck
Tom Cruise
Hugh Jackman
Michael Caine
Scarlett Johansson
Jim Carrey
Margot Robbie
Miles Teller
Julia Roberts
George Clooney
 
Antwortstatistiken
Antwort % Korrekt
Tom Hanks
29%
Brad Pitt
25%
Leonardo di Caprio
24%
Robert de Niro
23%
Harrison Ford
22%
Morgan Freeman
22%
Al Pacino
20%
Jack Nicholson
17%
Marlon Brando
16%
Clint Eastwood
14%
Charles Chaplin
9%
Christian Bale
9%
Bruce Willis
8%
Matt Damon
6%
Orlando Bloom
6%
James Stewart
5%
Kevin Spacey
5%
Natalie Portman
4%
Ian McKellen
3%
Russel Crowe
3%
Keine übereinstimmenden Quizze gefunden
Verteilung der Resultate
Anzahl Personen mit jedem Resultat
Perzentil nach korrekt beantworteten Fragen
Ihre Resultats-Entwicklung
Sie haben dieses Quiz noch nicht gespielt